Príklad z Keceroviec

Podrobná bibliografia
Hlavný autor: Ugróczi, Karol (Autor)
Médium: Článok
Jazyk:slovenčina
Predmet:

MARC

LEADER 00000nab a2200000 a 4500
001 vtls000312185
003 SK-MaSNL
005 20260302215443.0
008 111201c1978 xo 0 slo
015 |a SNBRB19rr/mm-uuuuu 
035 |a CL0002277 
040 |a SNKBUCL  |b slo  |c SNKBUCL  |e AACR2 
041 0 |a slo 
044 |a xo  |c SK 
080 |a 027.52(437.6 Kecerovce)  |2 1981 
080 |a 025.5  |2 1981 
080 |a 02 Hegedušová, Alžbeta  |2 1981 
100 1 |a Ugróczi, Karol  |4 aut  |9 398756 
245 1 0 |a Príklad z Keceroviec  |c Karol Ugróczi 
650 0 7 |a Hegedušová, Alžbeta  |2 snkbucl  |9 944043 
650 0 7 |a Stredisková knižnica, Kecerovce  |2 snkbucl  |9 944044 
650 0 7 |a práca s čitateľom  |2 snkbucl  |9 15565 
655 7 |a články z novín a časopisov  |2 snkbucl  |9 267496 
655 7 |a články z odboru knihovníctvo  |2 snkbucl  |9 166141 
773 0 |t Funkcionárka  |g Č. 1 (10. 2. 1978), s. 10 
850 |a Slovenská národná knižnica v Martine  |a MTA001 
852 |a SNK  |b KIS3GCP 
958 |a RK 
958 |a KL 
992 |a RBX 
999 |c 1502387  |d 1504317